International Corporate Governance (Record no. 349626)
[ view plain ]
| 000 -LEADER | |
|---|---|
| fixed length control field | 00406nam a22001817a 4500 |
| 003 - CONTROL NUMBER IDENTIFIER | |
| control field | OSt |
| 005 - DATE AND TIME OF LATEST TRANSACTION | |
| control field | 20180116182954.0 |
| 008 - FIXED-LENGTH DATA ELEMENTS--GENERAL INFORMATION | |
| fixed length control field | 140320b xxu||||| |||| 00| 0 eng d |
| 020 ## - INTERNATIONAL STANDARD BOOK NUMBER | |
| International Standard Book Number | 0000000000 |
| 040 ## - CATALOGING SOURCE | |
| Original cataloging agency | 0 |
| Transcribing agency | 0 |
| 082 ## - DEWEY DECIMAL CLASSIFICATION NUMBER | |
| Classification number | 338.6 MAR |
| 100 ## - MAIN ENTRY--PERSONAL NAME | |
| Personal name | Goergen Marg |
| 245 ## - TITLE STATEMENT | |
| Title | International Corporate Governance |
| 260 ## - PUBLICATION, DISTRIBUTION, ETC. | |
| Place of publication, distribution, etc. | India |
| 300 ## - PHYSICAL DESCRIPTION | |
| Extent | 0 |
| Other physical details | 0 |
| 600 ## - SUBJECT ADDED ENTRY--PERSONAL NAME | |
| Personal name | Goergen Marg |
| 942 ## - ADDED ENTRY ELEMENTS (KOHA) | |
| Source of classification or shelving scheme | |
| Koha item type | Book |
| Withdrawn status | Lost status | Source of classification or shelving scheme | Damaged status | Not for loan | Collection code | Permanent Location | Current Location | Shelving location | Date acquired | Total Checkouts | Full call number | Barcode | Date last seen | Date last checked out | Price effective from | Koha item type |
|---|---|---|---|---|---|---|---|---|---|---|---|---|---|---|---|---|
| Central Library (CL) | Central Library (CL) | General Stacks | 03/20/2014 | 5 | 338.6 MAR | NBS9074 | 10/09/2019 | 08/15/2017 | 03/20/2014 | Book |
